| 000 | 00610caa a22001692a 4500 | ||
|---|---|---|---|
| 001 | 012929 | ||
| 003 | AR-FADEU | ||
| 008 | 311216n########xxu####################dd | ||
| 092 |
_a823.01 _bW454s |
||
| 100 | _aWells, H. G. | ||
| 245 | _aThe man who could work miracles | ||
| 300 | _aPP. 300-315 | ||
| 500 | _aEn: Selected short stories : including the time machine / H. G. Wells. Harmondsworth : Penguin, 1958 | ||
| 546 | _aInglés | ||
| 942 | _cBDGR | ||
| 999 |
_c18697 _d18697 |
||
| 773 | 0 |
_018424 _918967 _aWells, H. G. _b _dHarmondsworth _o0215 _tSelected short stories : including the time machine _w( AR-FADEU) 012656 _x _z0-14-00-1310-5 |
|